<?xml version="1.0" encoding="UTF-8"?>
<collection xmlns="http://www.loc.gov/MARC21/slim">
    <record>
        <controlfield tag="001">97641</controlfield>
        <controlfield tag="005">20210118122852.0</controlfield>
        <datafield tag="037" ind1=" " ind2=" ">
            <subfield code="a">TAZ-TFM-2020-631</subfield>
        </datafield>
        <datafield tag="041" ind1=" " ind2=" ">
            <subfield code="a">spa</subfield>
        </datafield>
        <datafield tag="100" ind1="1" ind2=" ">
            <subfield code="a">Soria de las Heras, Eduardo</subfield>
        </datafield>
        <datafield tag="242" ind1="0" ind2="0">
            <subfield code="a">Breakout EduTech: A multi-methodological resource for the subject of technology</subfield>
        </datafield>
        <datafield tag="245" ind1="0" ind2="0">
            <subfield code="a">BreakOut EduTech: Un recurso multimetodológico para la asignatura de tecnología</subfield>
        </datafield>
        <datafield tag="260" ind1=" " ind2=" ">
            <subfield code="a">Zaragoza</subfield>
            <subfield code="b">Universidad de Zaragoza</subfield>
            <subfield code="c">2020</subfield>
        </datafield>
        <datafield tag="506" ind1=" " ind2=" ">
            <subfield code="a">by-nc-sa</subfield>
            <subfield code="b">Creative Commons</subfield>
            <subfield code="c">3.0</subfield>
            <subfield code="u">http://creativecommons.org/licenses/by-nc-sa/3.0/</subfield>
        </datafield>
        <datafield tag="520" ind1=" " ind2=" ">
            <subfield code="a">Vivimos una época en la que las nuevas metodologías para la enseñanza y aprendizaje están dejando obsoleto el modelo memorístico y la clase magistral. Este cambio de paradigma en el aula viene apoyado por el uso de las Tecnologías de la Información y la Comunicación (TICs) y una generación de docentes comprometidos con poner al alumnado en el centro del sistema educativo.&lt;br />En esta dirección, el presente Trabajo Fin de Máster (TFM) presenta una propuesta de intervención para la asignatura de Tecnología de 3º de la ESO que aúna el Aprendizaje Basado en Proyectos (ABP), el Aprendizaje Cooperativo (AC) y la Gamificación.El objetivo principal de este proyecto es promover la motivación del alumnado, el interés por la asignatura, y las relaciones entre iguales desarrollando la autonomía, a la par que el trabajo en equipo, y la creatividad. Para ello, se plantea que el alumnado, por grupos, diseñe a lo largo de un curso escolar un BreakOut Educativo (BreakOut EduTech) que relacione todos los contenidos de la asignatura y, terminado el proyecto, participen a modo de competición, en la resolución de cada uno de los proyectos generados de esta modalidad de Escape Room.&lt;br /></subfield>
        </datafield>
        <datafield tag="521" ind1=" " ind2=" ">
            <subfield code="a">Máster Universitario en Profesorado de Educación Secundaria Obligatoria, Bachillerato, Formación Profesional y Enseñanza de Idiomas, Artísticas y Deportivas</subfield>
        </datafield>
        <datafield tag="540" ind1=" " ind2=" ">
            <subfield code="a">Derechos regulados por licencia Creative Commons</subfield>
        </datafield>
        <datafield tag="700" ind1=" " ind2=" ">
            <subfield code="a">Navarro Gómez, Miguel Ángel</subfield>
            <subfield code="e">dir.</subfield>
        </datafield>
        <datafield tag="710" ind1="2" ind2=" ">
            <subfield code="a">Universidad de Zaragoza</subfield>
            <subfield code="b">Informática e Ingeniería de Sistemas</subfield>
            <subfield code="c"></subfield>
        </datafield>
        <datafield tag="856" ind1="0" ind2=" ">
            <subfield code="f">435868@unizar.es</subfield>
        </datafield>
        <datafield tag="856" ind1="4" ind2=" ">
            <subfield code="s">894685</subfield>
            <subfield code="u">http://zaguan.unizar.es/record/97641/files/TAZ-TFM-2020-631.pdf</subfield>
            <subfield code="y">Memoria (spa)</subfield>
        </datafield>
        <datafield tag="909" ind1="C" ind2="O">
            <subfield code="o">oai:zaguan.unizar.es:97641</subfield>
            <subfield code="p">driver</subfield>
            <subfield code="p">trabajos-fin-master</subfield>
        </datafield>
        <datafield tag="950" ind1=" " ind2=" ">
            <subfield code="a"></subfield>
        </datafield>
        <datafield tag="951" ind1=" " ind2=" ">
            <subfield code="a">deposita:2021-01-18</subfield>
        </datafield>
        <datafield tag="980" ind1=" " ind2=" ">
            <subfield code="a">TAZ</subfield>
            <subfield code="b">TFM</subfield>
            <subfield code="c">FEDU</subfield>
        </datafield>
        <datafield tag="999" ind1=" " ind2=" ">
            <subfield code="a">20200702214338.CREATION_DATE</subfield>
        </datafield>
    </record>

    
</collection>